<?xml version="1.0" encoding="UTF-8"?>
<collection xmlns="http://www.loc.gov/MARC21/slim">
  <record>
    <leader>00000nam  2200000   4500</leader>
    <controlfield tag="001">INLIS000000000019063</controlfield>
    <controlfield tag="005">20250203024537</controlfield>
    <datafield tag="035" ind1="#" ind2="#">
      <subfield code="a">0010-0225000020</subfield>
    </datafield>
    <controlfield tag="007">ta</controlfield>
    <controlfield tag="008">250203################|##########|#|##</controlfield>
    <datafield tag="084" ind1="#" ind2="#">
      <subfield code="a">R 076 PKN II 2023</subfield>
    </datafield>
    <datafield tag="100" ind1=" " ind2="#">
      <subfield code="a">Muhammad Sjarif</subfield>
    </datafield>
    <datafield tag="245" ind1="1" ind2="#">
      <subfield code="a">Strategi Optimalisasi Peran Bank Sampah Dalam Meningkatkan Produktifitas Dan Kinerja Pengelolaan Sampah Di Daerah Secara  Berkelanjutan Pada Kota Tidore Kepeluan /</subfield>
      <subfield code="c">Muhammad Sjarif</subfield>
    </datafield>
    <datafield tag="250" ind1="#" ind2="#">
      <subfield code="a">1</subfield>
    </datafield>
    <datafield tag="260" ind1="#" ind2="#">
      <subfield code="a">Jakarta :</subfield>
      <subfield code="b">Pusbangkom Pimnas,</subfield>
      <subfield code="c">2023</subfield>
    </datafield>
    <datafield tag="300" ind1="#" ind2="#">
      <subfield code="a">220 :</subfield>
      <subfield code="b">ilus ;</subfield>
      <subfield code="c">29 x 21 x 3</subfield>
    </datafield>
    <datafield tag="650" ind1="#" ind2="4">
      <subfield code="a">Sistem</subfield>
    </datafield>
    <datafield tag="520" ind1="#" ind2="#">
      <subfield code="a">Proyek Perubahan dengan judul Strategi Optimalisasi Peran Bank Sampah Dalam Meningkatkan Produktifitas Dan Kinerja Pengelolaan Sampah Di Daerah Secara  Berkelanjutan Pada Kota Tidore Kepeluan adalah sebuah konsep strategis pengelolaan sampah yang berbasis CBSWM. Suatu pendekatAN PARTISIPATIF PENGANAngan sampah melalui kelembagaan Bank Sampah</subfield>
    </datafield>
    <datafield tag="856" ind1="#" ind2="#">
      <subfield code="a">Perpustakaan Pusat LAN</subfield>
    </datafield>
    <datafield tag="990" ind1="#" ind2="#">
      <subfield code="a">2412076</subfield>
    </datafield>
  </record>
</collection>
